Transportes y seguros para el comercio internacional : especial referencia al ámbito marítimo /

Contenido: Transporte marítimo internacional de mercancías; El contrato de transporte marítimo internacional de mercancías, bajo el régimen de conocimiento de embarque, elementos generales; El contrato de transporte marítimo internacional de mercancías, bajo el régimen de conocimiento de embarque, r...

Ausführliche Beschreibung

Gespeichert in:
Bibliographische Detailangaben
1. Verfasser: Enríquez Rosas, José David (autor)
Format: Buch
Sprache:Spanisch
Veröffentlicht: México : Porrúa, 2002, c2002
Schlagworte:
Tags: Tag hinzufügen
Keine Tags, Fügen Sie das erste Tag hinzu!

MARC

LEADER 00000nam^a2200000^a^4500
001 000161380
005 20250521000000.0
009 20260526125155.791
020 |a 970-073614-8 
037 |a Acervo ITESO - Biblioteca 
041 |a ESP 
082 |a 346. 0772  |b ENR 
100 |a Enríquez Rosas, José David  |e (autor) 
245 1 0 |a Transportes y seguros para el comercio internacional :  |b especial referencia al ámbito marítimo /  |c J.D. Enríquez Rosas. 
264 4 |a México :  |b Porrúa,  |c 2002, c2002 
300 |a XVI, 247 p. 
336 |a texto  |b txt  |2 rdacontenido 
337 |a sin mediación  |b n  |2 rdamedio 
338 |a volumen  |b nc  |2 rdasoporte 
520 |a Contenido: Transporte marítimo internacional de mercancías; El contrato de transporte marítimo internacional de mercancías, bajo el régimen de conocimiento de embarque, elementos generales; El contrato de transporte marítimo internacional de mercancías, bajo el régimen de conocimiento de embarque, régimen de responsabilidad; Seguro marítimo de mercancías. 
649 |a XX 
650 |a Seguro Marítimo 
650 |a Seguros 
650 |a Contratos Mercantiles 
650 |a Transporte Marítimo 
650 |a Sistema de Transporte 
650 |a Comunicaciones y Tránsito 
650 |a Derecho Internacional Privado 
650 |a Derecho Internacional Público 
650 |a Derecho Marítimo 
650 |a Derecho Mercantil 
650 |a Derecho Privado 
650 |a Derecho Público 
650 |a Derecho 
910 |a Fondo General 
920 |a Impresos - Libros 
930 |a Colección General 
905 |a 101 
901 |a 0500093183  |b IT1  |c ACC  |u 20250521 
902 |a https://opac.biblio.iteso.mx/vufind/Record/000161380